000 004320000a22001690004500
003 MACL
005 20160101154816.0
008 160101b xxu||||| |||| 00| 0 eng d
040 _aMACL
_cMACL
041 _aEnglish
082 _a403/EME
100 _aEmerson, George R
_926599
245 _aDictionary of Universal Information
260 _bWard Lock & Co Ltd
_aLondon
650 _aDictionary
_926600
942 _cBK
_k403/EME
_2ddc
999 _c37329
_d37329